Local government modernisation - the challenge for planners (Record no. 67158)
[ view plain ]
| 000 -LEADER | |
|---|---|
| fixed length control field | 01891cam a2200265 4500 |
| 001 - CONTROL NUMBER | |
| control field | ABS64034 |
| 008 - FIXED-LENGTH DATA ELEMENTS--GENERAL INFORMATION | |
| fixed length control field | 000000n2001 000 0 eng u |
| 035 ## - SYSTEM CONTROL NUMBER | |
| System control number | (Sirsi) u112813 |
| 100 ## - MAIN ENTRY--PERSONAL NAME | |
| Personal name | Newman, I |
| 245 ## - TITLE STATEMENT | |
| Title | Local government modernisation - the challenge for planners |
| 260 ## - PUBLICATION, DISTRIBUTION, ETC. | |
| Date of publication, distribution, etc. | 2001 |
| 490 ## - SERIES STATEMENT | |
| Series statement | Town & Country Planning |
| Volume/sequential designation | 70(4) April 2001, 104-105(2) |
| 520 ## - SUMMARY, ETC. | |
| Summary, etc. | Discusses how government's modernisation programme with emphasis on neighbourhood renewal and social inclusion raises a number of complex issues for planners. Local authorities are now required to produce a community plan, a joint effort developed by the 'local strategic partnership' (LSP) comprising local stakeholders. Considers how the community plan will relate to the development plan, and highlights concerns that stakeholder interests may dominate the community plan. Suggests that planners will need to develop an understanding of the links between land use planning and social policy developments, as well as adapting to the new executive structures and the regional agenda. Concludes that while the promotion of social and environmental sustainability are welcome, there are elements of the agenda that are contradictory, for example strengthening the role of business interests, and planners will need to consider how to tackle these. Local Government Information Unit (LGIU) briefing papers promoting good practice in local strategies for social inclusion are available at £10 each from the LGIU, tel: 020 7554 2800. |
| 590 ## - LOCAL NOTE (RLIN) | |
| Local note | ABS |
| 650 ## - SUBJECT ADDED ENTRY--TOPICAL TERM | |
| Topical term or geographic name entry element | NEIGHBOURHOOD RENEWAL |
| 650 ## - SUBJECT ADDED ENTRY--TOPICAL TERM | |
| Topical term or geographic name entry element | SOCIAL INCLUSION |
| 650 ## - SUBJECT ADDED ENTRY--TOPICAL TERM | |
| Topical term or geographic name entry element | MODERNISATION |
| 650 ## - SUBJECT ADDED ENTRY--TOPICAL TERM | |
| Topical term or geographic name entry element | COMMUNITY PLANS |
| 650 ## - SUBJECT ADDED ENTRY--TOPICAL TERM | |
| Topical term or geographic name entry element | DEVELOPMENT PLANS |
| 650 ## - SUBJECT ADDED ENTRY--TOPICAL TERM | |
| Topical term or geographic name entry element | PLANNERS |
| 650 ## - SUBJECT ADDED ENTRY--TOPICAL TERM | |
| Topical term or geographic name entry element | LOCAL STRATEGIC PARTNERSHIPS |
| 650 ## - SUBJECT ADDED ENTRY--TOPICAL TERM | |
| Topical term or geographic name entry element | LOCAL AUTHORITIES |
| 690 ## - LOCAL SUBJECT ADDED ENTRY--TOPICAL TERM (OCLC, RLIN) | |
| Topical term or geographic name as entry element | ENVIRONMENTAL AND LAND CONSULTANCY-PLANNING AND DEVELOPMENT |
| 942 ## - ADDED ENTRY ELEMENTS (KOHA) | |
| Suppress in OPAC | 0 |
| Withdrawn status | Lost status | Source of classification or shelving scheme | Damaged status | Not for loan | Home library | Current library | Shelving location | Date acquired | Total Checkouts | Full call number | Barcode | Date last seen | Copy number | Price effective from | Koha item type |
|---|---|---|---|---|---|---|---|---|---|---|---|---|---|---|---|
| Dewey Decimal Classification | London | London | Journal article | 29/05/2001 | ABS64034 | 112813-1001 | 06/08/2019 | 1 | 06/08/2019 | Journal article |